| 000 | 00470nam a2200181Ia 4500 | ||
|---|---|---|---|
| 008 | 170918s9999 xx 000 0 und d | ||
| 020 | _a140430474 | ||
| 050 | _bA933se 1969 | ||
| 100 | _aAusten, Jane | ||
| 245 | _aSense and sensibility / | ||
| 245 | _cby Jane Austen ; edited with an introduction by Tony Tanner. | ||
| 260 | _aEngland : | ||
| 260 | _bPenguin Books, | ||
| 260 | _c1969 | ||
| 300 | _a370 pages : | ||
| 300 | _billustrations ; | ||
| 300 | _c18cm. | ||
| 999 |
_c343478 _d343478 |
||